| 000 | 00717nam a2200217 a 4500 | ||
|---|---|---|---|
| 001 | BRCA_5202 | ||
| 005 | 20190320205001.0 | ||
| 008 | 720420s1992 si-a######---#000-0#eng-# | ||
| 041 | _aeng | ||
| 044 | _asi | ||
| 050 | 4 |
_aN856 _b.N38 1992 |
|
| 245 | 1 | 0 |
_aNational Gallery of Art _bWashington _ctexts Florence E. Coman ... [et al.]. |
| 260 |
_aSingapur _bThames and Hudson : National Gallery of Art _c1992 |
||
| 300 |
_a328 p. _bil. (algunas a color) _c21 cm. |
||
| 500 | _aDonación Dr. Héctor Rivero Borrell Vázquez | ||
| 610 | 2 | 4 |
_aNational Gallery of Art (Washington) _xColecciones de arte _913321 |
| 650 | 1 | 4 |
_aArte _zWashington _913322 |
| 700 | 1 |
_aComan, Florence E. _913323 |
|
| 902 | _aDHR | ||
| 942 |
_2lcc _cB |
||
| 999 |
_c4896 _d4896 |
||